| 000 | 00650nam a2200229Ia 4500 | ||
|---|---|---|---|
| 008 | 180620s9999 xx 000 0 und d | ||
| 020 | _a978-1-9049-9152-6 | ||
| 050 | _aMAIN TX 879 | ||
| 050 | _b.Y46 2006 | ||
| 100 | _aYeoward, William. | ||
| 245 | 0 | _aPerfect tables : | |
| 245 | 0 | _btabletop secrets, settings, and centrepieces for delicious dining / | |
| 245 | 0 | _cWilliam Yeoward; photography by Ray Main. | |
| 260 | _aLondon : | ||
| 260 | _bCico Books, | ||
| 260 | _c2006 | ||
| 300 | _a160 pages : | ||
| 300 | _bcolored illustrations ; | ||
| 300 | _c29 cm. | ||
| 500 | _aIncludes index. | ||
| 650 | _aTable setting and decoration. | ||
| 999 |
_c358068 _d358068 |
||